| 000 | 00373nam a22001457a 4500 | ||
|---|---|---|---|
| 020 | _a9780873718899 | ||
| 082 |
_a631.4 _bWAG/IN |
||
| 245 | _aAdvances in Soil Science Interacting Processes in Soil Science | ||
| 260 |
_aBoca Raton _bCRC Press _c1992 |
||
| 300 | _a296 | ||
| 700 |
_aWagenet,R.J _9543 |
||
| 700 |
_aBaveye,P _9544 |
||
| 700 |
_aStewart,B.A _9451 |
||
| 942 | _cBK | ||
| 999 |
_c14358 _d14358 |
||